00509nam a2200169Ia 450000500170000000800410001702000150005808200150007310000210008824500240010926000400013330000130017350000370018694200060022395200970022999900130032620250514020834.0240331s9999 xx 000 0 und d a9559662821 a155.6bSUM aSumanasekare , M 0aVishwaye manavikawo aNugegodabDeepani Publicationc2000 a178 p ., aA Book on psychological Advices  cL 001040708LaWERCLbWERCLcSSCd2024-03-31l0o 155.6 SUMp4614r2024-03-31w2024-03-31yL c756d756